各都道府県で最も偏差値の高い私立高校 - Statistics

General Stats
  • This quiz has been taken 277 times
  • The average score is 10 of 47
Answer Stats
都道府県 高校 偏差値 % Correct
東京都 開成 78
88%
兵庫県 79
81%
鹿児島県 ラ・サール 75
67%
千葉県 渋谷教育学園幕張 74
60%
奈良県 西大和学園 69 - 74
56%
京都府 洛南 73 - 75
50%
愛知県 東海 72
47%
神奈川県 慶應義塾 75
43%
和歌山県 智辯学園和歌山 53 - 71
43%
大阪府 大阪星光学院 75
38%
愛媛県 愛光 75
36%
福岡県 久留米大学附設 75
32%
長崎県 青雲 75
28%
栃木県 作新学院 40 - 71
25%
茨城県 江戸川学園取手 69 - 70
24%
埼玉県 慶應義塾志木 75
24%
岡山県 岡山白陵 72
22%
高知県 土佐 79
21%
沖縄県 沖縄尚学 48 - 67
18%
北海道 札幌光星 63 - 71
13%
徳島県 徳島文理 67
13%
石川県 星稜 55 - 67
12%
滋賀県 立命館守山 70 - 71
11%
富山県 富山第一 41 - 56
10%
山梨県 駿台甲府 39 - 62
10%
島根県 石見智翠館 37 - 56
10%
長野県 佐久長聖 59 - 65
9%
宮城県 東北学院 63 - 67
8%
山形県 日本大学山形 50 - 66
8%
新潟県 新潟明訓 64
8%
広島県 AICJ 68 - 74
8%
岩手県 盛岡中央 41 - 67
6%
福井県 北陸学園北陸 42 - 63
6%
香川県 大手前高松 51 - 68
6%
佐賀県 弘学館 69
6%
大分県 大分東明 43 - 65
6%
秋田県 ノースアジア大学明桜 50 - 60
5%
三重県 52 - 64
5%
群馬県 樹徳 39 - 65
4%
熊本県 真和 69
4%
宮崎県 宮崎日本大学 41 - 60
4%
青森県 八戸工業大学第二 42 - 62
2%
福島県 福島成蹊 50 - 61
2%
岐阜県 美濃加茂 46 - 63
1%
静岡県 静岡サレジオ 58 - 65
1%
鳥取県 米子北斗 64
1%
山口県 高水 39 - 64
1%
No matching quizzes found
Score Distribution
Percent of People with Each Score
Percentile by Number Answered
Your Score History
You have not taken this quiz